Sensorless control of permanent magnet synchronous motor drive /
محفوظ في:
| المؤلف الرئيسي: | |
|---|---|
| التنسيق: | أطروحة كتاب |
| اللغة: | English |
| منشور في: |
2001.
|
| الموضوعات: | |
| الوسوم: |
إضافة وسم
لا توجد وسوم, كن أول من يضع وسما على هذه التسجيلة!
|
| LEADER | 00762nam a2200217 a 4500 | ||
|---|---|---|---|
| 001 | u511790 | ||
| 003 | SIRSI | ||
| 008 | 000606s2001 si v 00 1 eng m | ||
| 035 | |a ACX-8719 | ||
| 040 | |a UMM | ||
| 090 | |a TK7 |b NUS 2001 Pek | ||
| 100 | 1 | 0 | |a Pek Wee Kok |
| 245 | 1 | 0 | |a Sensorless control of permanent magnet synchronous motor drive / |c Pek Wee Kok. |
| 260 | |c 2001. | ||
| 300 | |a xxi, 253 leaves : |b ill. ; |c 30 cm. | ||
| 502 | |a Dissertation (M.Eng.) -- National University of Singapore, 2001. | ||
| 504 | |a Bibliography: leaves 168-176. | ||
| 650 | 0 | |a Permanent magnet motors. | |
| 948 | |a 12/05/2003 |b 12/05/2003 | ||
| 596 | |a 1 | ||
| 999 | |a TK7 NUS 2001 PEK |w LC |c 1 |i A511034623 |d 22/10/2011 |e 22/10/2011 |l B_KOM4 |m P01UTAMA |n 1 |r Y |s Y |t TESIS |u 19/5/2003 |o .PUBLIC. BKOM 4 : 45442 | ||
